Differential and riemannian manifolds / (Record no. 30174)

000 -LEADER
fixed length control field 00623 a2200193 4500
020 ## - INTERNATIONAL STANDARD BOOK NUMBER
International Standard Book Number 0387943382
020 ## - INTERNATIONAL STANDARD BOOK NUMBER
International Standard Book Number 9780387943381
082 04 - DEWEY DECIMAL CLASSIFICATION NUMBER
Classification number 516.36
090 ## - LOCALLY ASSIGNED LC-TYPE CALL NUMBER (OCLC); LOCAL CALL NUMBER (RLIN)
-- 1564
-- 1564
100 1# - MAIN ENTRY--PERSONAL NAME
Personal name Lang, Serge.
245 10 - TITLE STATEMENT
Title Differential and riemannian manifolds /
Statement of responsibility, etc. Serge Lang.
250 ## - EDITION STATEMENT
Edition statement 3rd ed.
260 ## - PUBLICATION, DISTRIBUTION, ETC.
Place of publication, distribution, etc. [S.l.] :
Name of publisher, distributor, etc. Springer,
Date of publication, distribution, etc. 1995.
300 ## - PHYSICAL DESCRIPTION
Extent 384 p. ;
Dimensions 24 cm.
490 1# - SERIES STATEMENT
Series statement Graduate texts in mathematics.
830 #0 - SERIES ADDED ENTRY--UNIFORM TITLE
Uniform title Graduate texts in mathematics.
942 ## - ADDED ENTRY ELEMENTS (KOHA)
Institution code [OBSOLETE] SNS
Koha item type Book
Call number prefix 516.36 LAN
Holdings
Withdrawn status Lost status Damaged status Not for loan Permanent Location Current Location Date acquired Total Checkouts Full call number Barcode Date last seen Price effective from Koha item type
        School of Natural Sciences (SNS) School of Natural Sciences (SNS) 05/26/2016   516.36 LAN SNS0000676 05/26/2016 05/26/2016 Book
© 2023 Central Library, National University of Sciences and Technology. All Rights Reserved.